Catálogo

El paraíso perdido / (Registro nro. 64691)

Detalles MARC
000 -LEADER
fixed length control field 01284cam a2200349 i 4500
001 - CONTROL NUMBER
control field 64691
003 - CONTROL NUMBER IDENTIFIER
control field Mx-PuUPA
005 - DATE AND TIME OF LATEST TRANSACTION
control field 20221129142247.0
008 - FIXED-LENGTH DATA ELEMENTS--GENERAL INFORMATION
fixed length control field 160401s2003 sp gr 000 p spa d
017 ## - COPYRIGHT OR LEGAL DEPOSIT NUMBER
Copyright or legal deposit number M.23.547-2003
020 ## - INTERNATIONAL STANDARD BOOK NUMBER
International Standard Book Number 8467011718
040 ## - CATALOGING SOURCE
Original cataloging agency Mx-PuUPA
Language of cataloging spa
Transcribing agency Mx-PuUPA
Modifying agency Mx-PuUPA
Description conventions rda
041 0# - LANGUAGE CODE
Language code of text/sound track or separate title spa
100 1# - MAIN ENTRY--PERSONAL NAME
9 (RLIN) 12977
Personal name Milton, John,
Dates associated with a name 1608-1674
Relator term autor
245 13 - TITLE STATEMENT
Title El paraíso perdido /
Statement of responsibility, etc. John Milton ; traducción, Dionisio Sanjuán
264 #1 - PRODUCTION, PUBLICATION, DISTRIBUTION, MANUFACTURE, AND COPYRIGHT NOTICE
Place of production, publication, distribution, manufacture Madrid, España :
Name of producer, publisher, distributor, manufacturer Editorial Espasa Calpe,
-- Ediciones y Distribuciones Promo Libro,
Date of production, publication, distribution, manufacture, or copyright notice 2003
300 ## - PHYSICAL DESCRIPTION
Extent 234 páginas ;
Dimensions 18 cm
336 ## - CONTENT TYPE
Content type term texto
Content type code txt
Fuente rdacontent
337 ## - MEDIA TYPE
Source rdamedia
Media type term sin medio
Media type code n
338 ## - CARRIER TYPE
Source rdacarrier
Carrier type term volumen
Carrier type code nc
490 0# - SERIES STATEMENT
Series statement Grandes Clásicos Universales
500 ## - GENERAL NOTE
General note Edición especial para: Ediciones y Distribuciones Promo Libro, S.A. de C.V. -- Página legal
600 1# - SUBJECT ADDED ENTRY--PERSONAL NAME
Personal name Eva (Figura bíblica)
Form subdivision Poesía
600 1# - SUBJECT ADDED ENTRY--PERSONAL NAME
Personal name Adán (Figura biblíca)
Form subdivision Poesía
650 #7 - SUBJECT ADDED ENTRY--TOPICAL TERM
Source of heading or term armarc
Topical term or geographic name entry element Poesía épica
650 #7 - SUBJECT ADDED ENTRY--TOPICAL TERM
Source of heading or term armarc
Topical term or geographic name entry element Poesía inglesa
700 1# - ADDED ENTRY--PERSONAL NAME
Personal name Sanjuán, Dionisio,
Relator term traductor
942 ## - ADDED ENTRY ELEMENTS (KOHA)
Source of classification or shelving scheme Dewey Decimal Classification
Koha item type Libro
Classification part 821
Item part M637
Existencias
Withdrawn status Lost status Source of classification or shelving scheme Damaged status Not for loan Collection code Home library Current library Shelving location Date acquired Source of acquisition Total Checkouts Full call number Barcode Date last seen Price effective from Koha item type
    Dewey Decimal Classification     General Biblioteca Karol Wojtyla Biblioteca Karol Wojtyla Sala general 03/12/2013 Compra   821 M637 2003 47411 05/01/2026 03/12/2013 Libro